| 000 | 00806cam a2200277 a 4500 | ||
|---|---|---|---|
| 999 |
_c5832 _d5832 |
||
| 001 | 3749182 | ||
| 003 | GBCCL | ||
| 005 | 20241126110550.0 | ||
| 008 | 830502r19791968ilu 000 0 eng d | ||
| 010 | _a 72084420 | ||
| 020 | _a0842358951 | ||
| 035 | _a(OCoLC)ocn685705440 | ||
| 035 | _a3749182 | ||
| 040 |
_aTBI _cTBI _dYUS |
||
| 049 | _aYUSS | ||
| 082 |
_a248.844 _bLAH |
||
| 100 | 1 |
_aLaHaye, Tim F. _91025 |
|
| 245 | 1 | 0 |
_aSix keys to a happy marriage: _bA Tyndale Treasure / _cTim LaHaye. |
| 260 |
_aIllinois: _bTyndale House Publishers, _c1968 |
||
| 300 |
_a54 p. ; _c18 cm. |
||
| 503 | _aAdapted from "How to be happy though married" by Tim LaHaye. | ||
| 504 | _aIncludes bibliographical references. | ||
| 650 | 0 |
_aMarriage _92123 |
|
| 650 | 0 |
_aHusband and wife _92125 |
|
| 942 |
_2ddc _cBK _09 |
||